00345pam a2200133a 44500008004100000020002300041082001700064100002100081245003500102260003200137300001000169502000900179700002300188230405s2009 xxu||||| |||| 00| 0 eng d a0781778239cRs.550 a617.026bMAR aMarino, Paul L.  aICU Book of Facts and Formulas aNew DelhibLippincottc2009 a781 p atext aSutin, Kenneth M.